| 000 | 00560nam a22001697a 4500 | ||
|---|---|---|---|
| 003 | IT-RoPau | ||
| 005 | 20220918175937.0 | ||
| 008 | 121221b xxu||||| |||| 00| 0 eng d | ||
| 040 | _cIT-RoPau | ||
| 100 |
_aBarbero Giuseppe _cssp _9102 |
||
| 245 |
_aIl Sacerdote Giacomo Alberione e gli Istituti Paolini _b(Estratto da "Palestra del Clero" n.4 del 15 febbraio 1967) |
||
| 250 | _a1° ed. | ||
| 260 |
_aRovigo _bIstituto padano di Arti Grafiche _c1967 |
||
| 300 |
_a16 p. _c24,5 cm |
||
| 500 | _aNel XIX centenario del martirio di S. Paolo. | ||
| 942 |
_2ddc _cBK |
||
| 999 |
_c37708 _d37708 |
||